Statistiche per Nomi Maschili più diffusi in Italia

Clicka qui per fare il quiz!

Statistiche generali

  • Questo quiz è stato fatto 244 volte
  • Il punteggio medio è 4 su 10

Statistiche sulle risposte

PosizioneNome% Corretto
2Francesco
74%
6Andrea
58%
3Alessandro
54%
5Mattia
47%
1Leonardo
41%
4Lorenzo
34%
8Riccardo
25%
9Tommaso
24%
7Gabriele
22%
10Edoardo
17%

Distribuzione punteggi

Percentile per numero di risposta

Percentuale di utenti per punteggio

I tuoi punteggi nel tempo

Non hai fatto questo quiz